Νομισματική θεωρία και πολιτική

Αποθηκεύτηκε σε:
Λεπτομέρειες βιβλιογραφικής εγγραφής
Κύριοι συγγραφείς: Παπαδάκης, Ιωάννης Μ., Γκόρτσος, Χρήστος Βλ
Συγγραφή απο Οργανισμό/Αρχή: Ελληνικό Ανοικτό Πανεπιστήμιο
Μορφή: Βιβλίο
Γλώσσα:Greek
Δημοσίευση: Πάτρα : Ελληνικό Ανοικτό Πανεπιστήμιο, 1999.
Πάτρα : 2000
Θέματα:
Ετικέτες: Προσθήκη ετικέτας
Δεν υπάρχουν, Καταχωρήστε ετικέτα πρώτοι!

MARC

LEADER 00000cam a2200000 i 4500
001 1/42696
008 070323s1999 gr | ||| |||| ||gre||
008 070323s2000 gre d
020 |a 9605380676   |q (τ.1) 
035 |l 10087410 
035 |l 10087407 
040 |a GR-MY-UA  |b gre  |e aacr 
040 |a GR-MY-UA  |b gre  |e aacr 
041 0 |a gre 
041 0 |a gre 
082 7 |a 332.46   |2 (22) 
082 0 |a 346.08215  |2 (22) 
100 1 |a Παπαδάκης, Ιωάννης Μ. 
100 1 |a Γκόρτσος, Χρήστος Βλ. 
245 1 0 |a Νομισματική θεωρία και πολιτική /   |c Ιωάννης Παπαδάκης ; Ελληνικό Ανοικτό Πανεπιστήμιο.  
245 1 0 |a Τραπεζικό δίκαιο /  |c Χρήστος Γκόρτσος ; Ελληνικό Ανοικτό Πανεπιστήμιο 
260 |a Πάτρα :   |b Ελληνικό Ανοικτό Πανεπιστήμιο,   |c 1999.  
260 |a Πάτρα :   |b Ελληνικό Ανοικτό Πανεπιστήμιο,   |c 2000 
300 |a 251 σ. :   |b διαγρ. ;   |c 28 εκ.  
300 |a 398 σ.;  |b πιν.;  |c 28 εκ.  
500 |a Σχολή Κοινωνικών Επιστημών, Πρόγραμμα Σπουδών: Τραπεζική, Θεματική Ενότητα: Τραπεζικό Περιβάλλον.  
500 |a Σχολή Κοινωνικών Επιστημών, Πρόγραμμα Σπουδών: Τραπεζική, Θεματική Ενότητα: Τραπεζικό Περιβάλλον 
504 |a Περιέχει βιβλιογραφικές παραπομπές.  
504 |a Περιέχει βιβλιογραφία 
650 0 0 |a Money. 
650 0 0 |a Monetary policy. 
650 0 0 |a Banking law. 
650 0 0 |a Money  |x Law and legislation. 
650 0 0 |a Banks and banking. 
710 2 |a Ελληνικό Ανοικτό Πανεπιστήμιο. 
774 1 |t Τραπεζικό περιβάλλον 
774 1 |t Τραπεζικό περιβάλλον 
901 |a BIBL1-2007-1 
901 |a BIBL1-2007-1 
909 |a Λ  |b 131918 
909 |a Λ  |b 131903 
970 |a ΧΑΤΖΗΜΙΧΑΗΛ  |b ΜΑΡΙΑ  |z 2007/03/23 
970 |a ΧΑΤΖΗΜΙΧΑΗΛ  |b ΜΑΡΙΑ  |z 2007/03/23